000 00661nam a2200229Ia 4500
003 OSt
005 20221007074155.0
006 a|||||r|||| 00| 0
007 ta
008 221006b |||||||| |||| 00| 0 eng d
024 _a26,740
037 _cTextual
040 _aFLL
_cFLL
_beng
041 _2eng
_aeng
082 _aZ2:93, H0
100 _aNarasimham P.
_9692639
245 0 _aInterpretation of Indian statutes and of the Government of India act,1935
260 _aMadras
_bThe Madras Law Journal Office, Madras
_c1940
300 _axxxviii,1-646p
_ccm.
942 _hZ2:93, H0
_cTEXL
_2CC
999 _c1151425
_d1151425